Gramática - Statistics

Estatísticas Gerais
  • Esse quiz foi jogado 183 vezes
  • A pontuação média é 11 de 15
Estatísticas das Respostas
Hint Resposta % Correto
Indica o sujeito da seguinte frase:O André foi às compras. O André
99%
Indica um artigo definido no masculino no singular. O
95%
Indica um advérbio de tempo nesta frase. Ontem foi às compras. Ontem
89%
Indica o adjetivo nesta frase. O Gustavo é divertido. Divertido
87%
Indica a preposição nesta frase. Gostava de chocolate. De
85%
Indica o advérbio de lugar nesta frase . Fui jantar fora. Fora
85%
Indica o substantivo coletivo de peixes. Cardume
79%
Indica o substantivo coletivo de lobos. Alcateia
77%
Indica o substantivo coletivo de ilhas. Arquipélago
76%
Indica o gerúndio da palavra ler. Lendo
73%
Indica o tipo de sujeito nesta frase. O João e o Miguel foram ao parque. Sujeito composto
71%
Indica um artigo indefinido feminino no singular. Uma
71%
Indica o futuro do verbo amar na terceira pessoa do plural. Amaram
45%
Indica a figura de estilo usada na frase. Estou a morrer de frio. Hipérbole
41%
Indica o grau superlativo de magérimo. José é magérrimo. Grau absoluto analítico sintético
9%
Nenhum quiz correspondente encontrado
Distribuição das Pontuações
Porcentagem de Pessoas com Cada Pontuação
Percentil de Números Respondidos
Sua Pontuação Histórica
Você não jogou esse quiz